000 00242nam a22001097a 4500
008 170125b xxu||||| |||| 00| 0 eng d
020 _a9781889793177
041 _aeng
080 _a61
245 _aHEALTH POLITICS
_cKOOP, C.E
942 _2udc
_cBK
999 _c3677
_d3677